日本のYouTuber - Statistics

General Stats
  • This quiz has been taken 214 times
    185 since last reset
  • The average score is 15 of 204
Answer Stats
登録者数 ch名 % Correct
2,489,022 HIKAKIN
98%
10,933,546 はじめしゃちょー
81%
14,550,632 HikakinTV
76%
4,662,761 SeikinTV
66%
8,460,661 Fischer’s
65%
7,048,020 東海オンエア
54%
3,812,364 コムドット
41%
6,056,816 HikakinGames
38%
1,213,394 MasuoTV
28%
4,562,397 スカイピース
27%
4,177,887 水溜りボンド
26%
3,561,039 平成フラミンゴ
26%
4,898,049 ヒカル
24%
10,722,441 きまぐれクック
23%
7,949,661 すしらーめんりく
22%
7,115,986 米津玄師
22%
2,729,453 ばんばんざい
20%
4,763,527 キヨ。
19%
3,098,082 Marine Ch.宝鐘マリン
17%
3,285,374 Mrs.GREEN APPLE
17%
1,554,312 サワヤンチャンネル
15%
1,391,642 デカキン
15%
6,566,551 Ado
15%
3,251,910 ARASHI
15%
2,515,561 Pekora Ch.兎田ぺこら
15%
2,178,261 QuizKnock
15%
6,601,860 Ayase/YOASOBI
14%
2,126,865 レイクレ
13%
1,446,925 SeikinGames
12%
9,554,324 THE FIRST TAKE
12%
5,278,044 木下ゆうか
11%
1,410,205 エスポワール
11%
1,113,465 スーツ交通
11%
2,457,531 ボンボンTV
11%
3,557,737 桐崎栄二
10%
2,456,226 カジサック
10%
2,088,014 赤髪のとものゲーム実況チャンネル!!
10%
1,314,683 アバンティーズ
10%
6,064,076 Avex
10%
2,808,478 Fischer’sセカンダリ
10%
3,319,572 Official髭男dism
10%
2,111,502 Suisei Channel
10%
1,949,660 フォーエイト
9%
2,632,222 AKB48
9%
1,976,234 Aqua Ch.湊あくあ
9%
3,188,603 Snow Man
9%
3,550,217 ポッキー
8%
2,977,930 ヨルシカ
8%
1,638,532 中町兄妹
8%
2,359,230 フブキch。白上フブキ
8%
2,753,751 おるたなChannel
8%
1,745,816 DECO27
8%
2,538,486 ジュキヤ
7%
1,846,625 カズチャンネル
7%
1,734,579 ラファエル
7%
1,421,311 マックスむらい
7%
4,888,611 Eve
7%
1,529,689 MAHOTO
7%
1,181,647 PROWRESTLING SHIBATAR ZZ
7%
4,422,407 よにのちゃんねる
6%
3,510,745 圧倒的不審者の極み!
6%
3,348,106 朝倉未来
6%
2,473,818 レトルト
6%
2,077,495 混血のカレコレ
6%
2,066,490 あいみょん
6%
2,029,566 くれいじーまぐねっと
6%
1,828,215 カノックスター
6%
1,767,841 サワヤンゲームズ
6%
1,522,379 ちょんまげ小僧
6%
2,907,395 はじめしゃちょー2
6%
2,992,114 A.I.Channel
6%
1,476,841 back number
6%
2,518,034 King Gnu Official YouTube Channel
6%
1,297,950 マナル隊MANARUTAI
6%
1,877,173 粗品 Official Channel
6%
1,482,836 SUSURU TV
6%
5,277,912 中田敦彦のYouTube大学
6%
4,337,847 エガちゃんねる
5%
2,767,714 すとぷりちゃんねる
5%
2,100,793 しもふりチューブ
5%
2,048,928 まあたそ
5%
1,865,287 優里ちゃんねる
5%
1,853,259 夜のひと笑い
5%
1,823,139 なにわ男子
5%
1,421,194 かす
5%
1,443,165 BUMP OF CHICKEN
5%
1,249,373 jun channel
5%
1,577,316 KUN
5%
4,090,851 Repezen Foxx
5%
2,497,551 タケヤキ翔
4%
2,163,997 コレコレチャンネル
4%
2,153,460 ヴァンビ
4%
1,887,202 ヒューマンバグ大学
4%
1,767,873 ヘラヘラ三銃士
4%
1,678,069 鈴木ゆゆうた
4%
1,633,218 牛沢
4%
1,619,266 ひろゆき
4%
1,546,865 もこうの実況
4%
1,422,105 バキ童チャンネル
4%
1,150,239 へきトラハウス
4%
1,037,579 ゆきりぬ
4%
1,067,211 Creepy Nuts
4%
3,782,176 Fujii Kaze
4%
1,882,588 King & Prince
4%
2,079,076 Korone Ch.戌神ころね
4%
1,548,204 Mr.Children Official Channel
4%
1,893,172 SEKAI NO OWARI
4%
2,108,754 TOMIKKU NET
4%
3,009,273 ブライアンチャンネル
3%
1,807,503 壱百満天原サロメ
3%
1,687,253 きょんくま
3%
1,600,754 カズゲームズ
3%
1,565,207 星野源
3%
1,488,431 にじさんじ
3%
1,380,322 きりたんぽ
3%
1,065,319 さんこいち
3%
2,537,230 LiSA Official YouTube
3%
2,304,127 佐藤 健
2%
2,148,080 もちまる日記
2%
2,146,139 しばなんチャンネル
2%
2,062,641 ほんだのばいく
2%
1,957,517 狩野英孝
2%
1,869,491 ふくれな
2%
1,847,904 堀江貴文 ホリエモン
2%
1,814,321 おろちんゆー
2%
1,659,721 岡野タケシ弁護士
2%
1,434,517 中町綾チャンネル
2%
1,314,951 パオパオチャンネル
2%
1,281,041 宮迫ですッ!
2%
1,155,183 とうあ
2%
1,150,689 北の打ち師達
2%
1,150,133 櫻坂46
2%
1,610,568 Daichi Beatboxer
2%
4,457,113 Gawr Gura Ch. hololive-EN
2%
2,085,038 Hikaru Utada
2%
2,703,934 HoneyWorks OFFICIAL
2%
2,900,936 P丸様。
2%
1,870,656 Vaundy
2%
4,790,866 料理研究家リュウジのバズレシピ
1%
3,567,703 まふまふちゃんねる
1%
2,407,470 こぼ・かなえる
1%
2,274,731 ジョーブログ
1%
2,156,975 よみぃ
1%
2,102,688 ぷろたん日記
1%
1,751,748 すしらーめん にく
1%
1,746,934 釣りよかでしょう。
1%
1,671,343 貴ちゃんねるず
1%
1,651,477 はなおとでんがん
1%
1,553,789 マリマリマリー
1%
1,493,228 ぐっちの部屋
1%
1,360,339 つるなか
1%
1,331,483 朝倉海
1%
1,307,390 ころんの実況
1%
1,240,306 恭チャンネル
1%
1,187,328 なつめさんち
1%
1,147,496 パンナコタ
1%
1,096,289 さぁや
1%
1,094,147 椎名林檎
1%
2,096,413 Aimer Official YouTube Channel
1%
1,470,319 プリッとChannel
1%
2,266,968 メンタリストDaiGo
1%
1,008,688 GENKI LABO
1%
2,373,674 Mori Calliope Ch.hololive-EN
1%
1,795,216 PDSkabushikigaisha
1%
1,056,579 Perfume
1%
2,861,901 RADWIMPS
1%
1,227,791 そらる/soraru
1%
1,286,709 Yusaku Maezawa
1%
4,588,478 チョコレートカカオ
0%
1,716,489 谷やん谷崎鷹人
0%
1,702,661 革命前夜
0%
1,490,872 ななこ
0%
1,487,580 きまぐれクックのサボり場
0%
1,356,359 手越祐也チャンネル
0%
1,256,891 大食いらすかる
0%
1,206,965 ヲタファ
0%
1,194,517 むくえなちっく。
0%
1,158,117 みきおだ記念日
0%
1,101,683 カンタの大冒険
0%
1,100,054 水溜りボンドの日常
0%
1,081,546 ぱかチューブっ!
0%
1,030,205 かわにしみき
0%
1,007,870 テイストメイド ジャパン
0%
1,410,284 A.I.Games
0%
1,209,981 杏/anne TOKYO
0%
1,094,310 桜雲AUN
0%
1,517,237 CABHEY RIDE ON!!
0%
1,130,248 fukuse yuuri マリリン
0%
1,388,357 放課後 GAMING LIFE
0%
1,338,923 Hiromi factory チャンネル
0%
1,059,406 Kanaria
0%
2,069,999 Kemio
0%
2,267,231 Kevin's English Room
0%
3,058,141 Kobasolo
0%
1,160,049 【MAIN】96NEKO-CHANNEL
0%
1,399,474 my channel
0%
2,006,430 Naokiman Show
0%
4,532,775 ONE OK ROCK
0%
1,671,398 Reol Official
0%
1,277,959 SekineRisa
0%
1,658,720 Sou
0%
1,198,429 Stardy -河野玄斗の神授業
0%
4,572,747 UNIVERSAL MUSIC JAPAN
0%
1,759,091 東映特撮YouTube Official
0%
No matching quizzes found
Score Distribution
Percent of People with Each Score
Percentile by Number Answered
Your Score History
You have not taken this quiz since the last reset